[Event "Mar del Plata op"]
[White "Trincado, Juan Fernando"]
[Black "Amura, Claudia Noemi"]
[Site "Mar del Plata"]
[Round "?"]
[Result "1/2-1/2"]
[Date "1990.??.??"]
[WhiteElo "2300"]
[BlackElo "2285"]
[PlyCount "59"]
[EventDate "1990.??.??"]
[EventType "swiss"]
[EventRounds "9"]
[EventCountry "ARG"]
[SourceTitle "EXT 2000"]
[Source "ChessBase"]
[SourceDate "1999.11.16"]
[SourceVersion "1"]
[SourceVersionDate "1999.11.16"]
[SourceQuality "1"]

1. e4 d6 2. d4 Nf6 3. Nc3 g6 4. Nf3 Bg7 5. h3 0-0 6. Be3 c6 7. a4 d5 8. Bd3 dxe4 9. Nxe4 Nxe4 10. Bxe4 Nd7 11. 0-0 e5 12. dxe5 Nxe5 13. Nxe5 Bxe5 14. Bh6 Re8 15. Qxd8 Rxd8 16. Rad1 Be6 17. b3 f6 18. Be3 Bc7 19. Rxd8+ Bxd8 20. Rd1 Bc7 21. Kf1 a6 22. Ke2 Kf7 23. Bf3 Rd8 24. Rxd8 Bxd8 25. h4 h5 26. g3 Ke7 27. Be4 Bf7 28. Kd3 Kd7 29. f4 f5 30. Bf3 1/2-1/2

[Event "Buenos Aires FMDA tt"]
[White "Farah, Rodolfo"]
[Black "Trincado, Juan Fernando"]
[Site "Buenos Aires"]
[Round "7"]
[Result "0-1"]
[Date "1989.??.??"]
[WhiteElo "2205"]
[BlackElo "2310"]
[PlyCount "78"]
[EventDate "1989.??.??"]
[EventType "swiss"]
[EventRounds "9"]
[EventCountry "ARG"]
[SourceTitle "EXT 1997"]
[Source "ChessBase"]
[SourceDate "1996.11.15"]
[SourceVersion "1"]
[SourceVersionDate "1996.11.15"]
[SourceQuality "1"]

1. e4 c5 2. Nf3 e6 3. d4 cxd4 4. Nxd4 a6 5. Nc3 Qc7 6. g3 Nc6 7. Bg2 Nf6 8. 0-0 Nxd4 9. Qxd4 Bc5 10. Bf4 d6 11. Qd2 h6 12. b4 Bxb4 13. Nb5 axb5 14. Qxb4 e5 15. Be3 Bd7 16. a4 Rxa4 17. Rxa4 bxa4 18. Bb6 Qc6 19. Rd1 0-0 20. Rxd6 Qxc2 21. h3 Bc6 22. f3 a3 23. Rd2 Qc1+ 24. Kh2 Ra8 25. Ba5 Nd7 26. Ra2 b6 27. Qd2 Qxd2 28. Bxd2 b5 29. Bf1 Ra4 30. Be2 Nc5 31. Be3 Ne6 32. Bd1 Ra8 33. Bd2 Rd8 34. Be2 Rd4 35. Be3 b4 36. Bxd4 Nxd4 37. Bd1 Bb5 38. Kg2 Bc4 39. Ra1 a2 0-1

[Event "Buenos Aires FMDA tt"]
[White "Trincado, Juan Fernando"]
[Black "Glavina, Pablo"]
[Site "Buenos Aires"]
[Round "6"]
[Result "1-0"]
[Date "1989.??.??"]
[WhiteElo "2310"]
[BlackElo "2365"]
[PlyCount "49"]
[EventDate "1989.??.??"]
[EventType "swiss"]
[EventRounds "9"]
[EventCountry "ARG"]
[SourceTitle "EXT 1997"]
[Source "ChessBase"]
[SourceDate "1996.11.15"]
[SourceVersion "1"]
[SourceVersionDate "1996.11.15"]
[SourceQuality "1"]

1. e4 c6 2. d4 d5 3. exd5 cxd5 4. c4 Nf6 5. Nc3 e6 6. Nf3 Bb4 7. cxd5 exd5 8. Bd3 0-0 9. 0-0 Bg4 10. Qb3 Nc6 11. Bg5 Bxf3 12. gxf3 Nxd4 13. Bxf6 Nxf3+ 14. Kh1 Qd6 15. Kg2 Qxf6 16. Nxd5 Nh4+ 17. Kh3 Qf3+ 18. Kxh4 Kh8 19. Rg1 Rg8 20. Bxh7 g5+ 21. Rxg5 Qxf2+ 22. Qg3 Qd4+ 23. Kh3 Rxg5 24. Qxg5 Kxh7 25. Nf6+ 1-0

[Event "Buenos Aires BCA op"]
[White "Trincado, Juan Fernando"]
[Black "Van Riemsdijk, Herman Claudius"]
[Site "Buenos Aires"]
[Round "5"]
[Result "0-1"]
[Date "1989.??.??"]
[WhiteElo "2310"]
[BlackElo "2350"]
[PlyCount "114"]
[EventDate "1989.??.??"]
[EventType "swiss"]
[EventRounds "9"]
[EventCountry "ARG"]
[SourceTitle "EXT 2000"]
[Source "ChessBase"]
[SourceDate "1999.11.16"]
[SourceVersion "1"]
[SourceVersionDate "1999.11.16"]
[SourceQuality "1"]

1. e4 e5 2. Nf3 Nc6 3. Bb5 a6 4. Bxc6 dxc6 5. 0-0 Bd6 6. d4 exd4 7. Qxd4 f6 8. b3 Be6 9. Ba3 Nh6 10. Bxd6 Qxd6 11. Nbd2 Rd8 12. Qc3 0-0 13. Nc4 Qc5 14. Qa5 b5 15. Ncd2 Qb6 16. Qc3 b4 17. Qb2 Rd7 18. Rac1 Rfd8 19. c3 Ng4 20. cxb4 Ne5 21. Qc2 Nd3 22. Nc4 Qxb4 23. Qc3 Qxc3 24. Rxc3 Nf4 25. Re3 Bxc4 26. bxc4 Rd3 27. e5 f5 28. Rfe1 Ne6 29. g3 g5 30. Kg2 Kf7 31. R1e2 g4 32. Ne1 R3d4 33. Rc2 Nc5 34. e6+ Nxe6 35. Rce2 Ng5 36. Re7+ Kf6 37. Rxc7 Rxc4 38. f3 h5 39. Ra7 Rd1 40. fxg4 hxg4 41. Rxa6 Rcc1 42. Kf2 Ne4+ 43. Kf1 Ke5 44. Ra8 c5 45. Re8+ Kf6 46. Rf8+ Kg6 47. a4 Ra1 48. Ra8 c4 49. Ra6+ Kg5 50. Ra5 Kf6 51. Ra6+ Ke7 52. Ra5 Ke6 53. Ra6+ Kd7 54. Ra5 c3 55. Ra7+ Kd6 56. Ra6+ Kd5 57. Ra5+ Kd4 0-1

[Event "ARG-ch sf"]
[White "Giardelli, Sergio Carlos"]
[Black "Trincado, Juan Fernando"]
[Site "Buenos Aires"]
[Round "2"]
[Result "1-0"]
[Date "1987.??.??"]
[WhiteElo "2360"]
[BlackElo "2285"]
[PlyCount "79"]
[EventDate "1987.??.??"]
[EventType "tourn"]
[EventRounds "8"]
[EventCountry "ARG"]
[EventCategory "3"]
[SourceTitle "EXT 2002"]
[Source "ChessBase"]
[SourceDate "2001.11.25"]
[SourceVersion "1"]
[SourceVersionDate "2001.11.25"]
[SourceQuality "1"]

1. c4 e6 2. Nf3 Nf6 3. g3 d5 4. Bg2 Be7 5. 0-0 0-0 6. d4 dxc4 7. Qc2 a6 8. a4 Nc6 9. Rd1 Rb8 10. Qxc4 Bd7 11. Ne5 Nxe5 12. dxe5 Nd5 13. Bxd5 exd5 14. Qxd5 Qe8 15. Nc3 Be6 16. Qf3 Bb3 17. Rd3 Bc4 18. Rd4 b5 19. axb5 axb5 20. Nd5 c6 21. Nc7 Qc8 22. Qxc6 Rb7 23. Rd7 Rb6 24. Nd5 Qxc6 25. Nxe7+ Kh8 26. Nxc6 Rxc6 27. Kf1 h6 28. f4 Re8 29. Bd2 Be6 30. Rd6 Rc2 31. Bc3 b4 32. Rd2 Rxd2 33. Bxd2 b3 34. e4 Rd8 35. Bc3 Bc4+ 36. Kf2 Kg8 37. f5 Rd7 38. Ra8+ Kh7 39. Rb8 Re7 40. Ke3 1-0

[Event "ARG-ch sf"]
[White "Trincado, Juan Fernando"]
[Black "Biaggi, Eduardo Gustavo"]
[Site "Buenos Aires"]
[Round "8"]
[Result "0-1"]
[Date "1987.??.??"]
[WhiteElo "2285"]
[BlackElo "2305"]
[PlyCount "75"]
[EventDate "1987.??.??"]
[EventType "tourn"]
[EventRounds "8"]
[EventCountry "ARG"]
[EventCategory "3"]
[SourceTitle "EXT 2002"]
[Source "ChessBase"]
[SourceDate "2001.11.25"]
[SourceVersion "1"]
[SourceVersionDate "2001.11.25"]
[SourceQuality "1"]

1. d4 Nf6 2. c4 c5 3. d5 e6 4. Nc3 exd5 5. cxd5 d6 6. e4 Be7 7. Nf3 0-0 8. Be2 Na6 9. 0-0 Nc7 10. a4 Rb8 11. Nd2 a6 12. Qc2 b5 13. b3 Re8 14. Bb2 Bf8 15. Rae1 g6 16. f4 Bg7 17. Bf3 h5 18. Re2 bxa4 19. bxa4 a5 20. Nc4 Ba6 21. Nb5 Nxb5 22. axb5 Bxb5 23. e5 Bxc4 24. Qxc4 Nd7 25. Rfe1 dxe5 26. fxe5 Rxb2 27. Rxb2 Nxe5 28. Rbe2 Nxf3+ 29. gxf3 Rxe2 30. Rxe2 Bd4+ 31. Kh1 Qg5 32. Re1 Qf6 33. Qe2 a4 34. Kg2 Qg5+ 35. Kh1 Qxd5 36. Kg2 a3 37. Qa6 a2 38. Re8+ 0-1